[Event "Chip2004 - Open A"]
[Site "Paris"]
[Date "2004.07.07"]
[Round "5"]
[White "Vallepin, Cedric"]
[Black "Pozdniakov, E."]
[Result "0-1"]
[WhiteElo "2100"]
[BlackElo "2267"]
[PlyCount "84"]
[EventDate "2004.07.03"]
[SourceDate "2004.07.04"]

1. d4 d5 2. c4 c6 3. cxd5 cxd5 4. Nf3 Nc6 5. Nc3 Nf6 6. Bf4 Qb6 7. Na4 Qb4+ 8.
Bd2 Qd6 9. Qc1 Bf5 10. a3 Rc8 11. Nc3 Na5 12. Qd1 Qb6 13. e3 Nc4 14. Qa4+ Bd7
15. Qc2 e6 16. Rb1 Bd6 17. Bd3 h6 18. O-O g5 19. Be1 Qc7 20. g3 Rg8 21. Qe2 Bc6
22. Nd2 Nxd2 23. Bxd2 Ne4 24. Nb5 Bxb5 25. Bxb5+ Ke7 26. Rfc1 Qb6 27. Be1 f5
28. a4 g4 29. h4 gxh3 30. Qh5 Nf6 31. Qxh6 Rxc1 32. Rxc1 a6 33. Bd3 Qb3 34. Bc3
Qxa4 35. Qxh3 Qe8 36. Qh4 Rg4 37. Qh6 Qg8 38. Kf1 Rg7 39. Qh1 Ng4 40. Ke2 Rh7
41. Qd1 Nxf2 42. Qb3 Rh2 0-1

[Event "Chip2004 - Open A"]
[Site "Paris"]
[Date "2004.07.07"]
[Round "5"]
[White "Frade-Marques, Helder"]
[Black "Arslan, V."]
[Result "1-0"]
[WhiteElo "2296"]
[BlackElo "2079"]
[PlyCount "77"]
[EventDate "2004.07.03"]
[SourceDate "2004.07.04"]

1. d4 f5 2. g3 Nf6 3. Bg2 g6 4. Nf3 Bg7 5. O-O O-O 6. b3 d6 7. Bb2 c6 8. Nbd2
Bd7 9. c4 Na6 10. Re1 Ne4 11. a3 e6 12. Nxe4 fxe4 13. Nd2 d5 14. f3 Qg5 15. Nf1
Rf7 16. fxe4 Raf8 17. Bc1 Qf6 18. e5 Qe7 19. c5 b6 20. b4 Bc8 21. Be3 Nc7 22.
Qa4 Nb5 23. Rec1 Bb7 24. Qc2 Qd7 25. Nd2 Nc7 26. Nf3 Ne8 27. a4 Bh8 28. b5 bxc5
29. Qxc5 cxb5 30. axb5 Ng7 31. g4 h5 32. h3 hxg4 33. hxg4 Nf5 34. gxf5 exf5 35.
Ng5 Re7 36. Bf4 Bg7 37. Rxa7 Bh6 38. Rxb7 Qxb7 39. Bxd5+ 1-0

[Event "Chip2004 - Open A"]
[Site "Paris"]
[Date "2004.07.07"]
[Round "5"]
[White "Voicu, Carmen"]
[Black "Quach, Charlie"]
[Result "1-0"]
[WhiteElo "2289"]
[BlackElo "2165"]
[PlyCount "65"]
[EventDate "2004.07.03"]
[SourceDate "2004.07.04"]

1. e4 c5 2. Nf3 Nc6 3. d4 cxd4 4. Nxd4 Nf6 5. Nc3 d6 6. Be2 e5 7. Nf3 h6 8. O-O
Be7 9. Re1 Be6 10. Bf1 O-O 11. h3 a6 12. Nh2 d5 13. exd5 Nxd5 14. Nxd5 Bxd5 15.
Ng4 Qd6 16. b3 Rad8 17. Bb2 Qg6 18. Qe2 Bb4 19. c3 Ba5 20. Nxe5 Nxe5 21. Qxe5
Rfe8 22. Qxe8+ Rxe8 23. Rxe8+ Kh7 24. Rd1 Be6 25. Rd6 Qf6 26. Rd3 g6 27. Rf3
Qg7 28. Bc4 Bxc4 29. bxc4 g5 30. Re7 Kg6 31. Rxb7 Qe5 32. Rbxf7 Bd8 33. Ba3 1-0

[Event "Chip2004 - Open A"]
[Site "Paris"]
[Date "2004.07.07"]
[Round "5"]
[White "Peric, Slavisa"]
[Black "Leuly, Max"]
[Result "1-0"]
[WhiteElo "2246"]
[BlackElo "2138"]
[PlyCount "87"]
[EventDate "2004.07.03"]
[SourceDate "2004.07.04"]

1. d4 Nf6 2. Nf3 g6 3. g3 Bg7 4. Bg2 O-O 5. O-O c6 6. c4 d5 7. cxd5 cxd5 8. Ne5
Nc6 9. Nxc6 bxc6 10. Nc3 Qb6 11. Na4 Qb5 12. b3 Re8 13. e3 Nd7 14. Bb2 Bb7 15.
Rc1 e6 16. Bc3 Bf8 17. Re1 Ba6 18. b4 Qb7 19. Rb1 Bg7 20. f4 Qc7 21. Qd2 Bb5
22. Nb2 f6 23. a4 Ba6 24. Rec1 Qd8 25. b5 cxb5 26. Bf1 b4 27. Bxa6 bxc3 28.
Qxc3 Qe7 29. Nd3 Rab8 30. Rxb8 Nxb8 31. Bb5 Rd8 32. Qa5 a6 33. Bxa6 Nxa6 34.
Qxa6 e5 35. Rc8 exd4 36. Rxd8+ Qxd8 37. Qe6+ Kh8 38. exd4 h6 39. f5 gxf5 40.
Nf4 Qa5 41. Ng6+ Kh7 42. Ne7 Qd8 43. Qxf5+ Kh8 44. Qe6 1-0

[Event "Chip2004 - Open FIDE"]
[Site "Paris"]
[Date "2004.07.08"]
[Round "6"]
[White "Socko, Bartosz"]
[Black "Tregubov, Pavel"]
[Result "0-1"]
[WhiteElo "2554"]
[BlackElo "2636"]
[PlyCount "72"]
[EventDate "2004.07.03"]
[SourceDate "2004.07.04"]

1. e4 c5 2. Nf3 Nc6 3. d4 cxd4 4. Nxd4 Nf6 5. Nc3 e5 6. Ndb5 d6 7. Bg5 a6 8.
Na3 b5 9. Nd5 Be7 10. Nxe7 Qxe7 11. c4 Nd4 12. cxb5 Qb7 13. f3 Nxe4 14. Be3 Nf5
15. Bg1 Nf6 16. Nc4 O-O 17. Nb6 axb5 18. Nxa8 Qxa8 19. Be2 e4 20. Bd4 exf3 21.
gxf3 Ng4 22. Rg1 Ne5 23. Bxe5 dxe5 24. Qd2 Be6 25. Kf2 Rd8 26. Qc3 Nd4 27. Qc5
Nxe2 28. Kxe2 Bc4+ 29. Kf2 Rd2+ 30. Kg3 Qd8 31. Qxe5 f6 32. Qe4 Rd4 33. Qc6
Qb8+ 34. Kh3 Rh4+ 35. Kxh4 Qxh2+ 36. Kg4 h5+ 0-1

[Event "Chip2004 - Open FIDE"]
[Site "Paris"]
[Date "2004.07.08"]
[Round "6"]
[White "Kengis, Edvin"]
[Black "Vachier-Lagrave, Maxime"]
[Result "1/2-1/2"]
[WhiteElo "2562"]
[BlackElo "2458"]
[PlyCount "96"]
[EventDate "2004.07.03"]
[SourceDate "2004.07.04"]

1. Nf3 Nf6 2. c4 g6 3. g3 Bg7 4. Bg2 O-O 5. d4 d5 6. cxd5 Nxd5 7. O-O Nb6 8.
Nc3 Nc6 9. e3 Re8 10. d5 Na5 11. Nd4 Bd7 12. Nb3 Nxb3 13. Qxb3 e6 14. e4 c5 15.
dxc6 Bxc6 16. Be3 Qd3 17. Rfe1 Qc4 18. Bf1 Qxb3 19. axb3 Nd7 20. Rxa7 Rxa7 21.
Bxa7 b6 22. Rd1 Rc8 23. Ba6 Ra8 24. Bb5 Bxb5 25. Nxb5 Nc5 26. Bxb6 Nxb3 27. Nc3
Bf6 28. Kg2 Rb8 29. Bc7 Rc8 30. e5 Bg7 31. Bd6 Na5 32. Ne4 Nc4 33. b4 Bxe5 34.
Bc5 Rb8 35. f4 Bb2 36. Rd7 Nb6 37. Rd2 Bg7 38. Bxb6 Rxb6 39. Rd8+ Bf8 40. Nc5
Rxb4 41. Nd7 Rb2+ 42. Kf3 Kg7 43. Rxf8 Rd2 44. Rd8 h5 45. h4 Rd3+ 46. Kf2 Rd6
47. Ke2 Rd4 48. Ke3 Rd1 1/2-1/2

[Event "Chip2004 - Open A"]
[Site "Paris"]
[Date "2004.07.08"]
[Round "6"]
[White "Cochard"]
[Black "Frades-Marques, Helder"]
[Result "1/2-1/2"]
[WhiteElo "2140"]
[BlackElo "2296"]
[PlyCount "68"]
[EventDate "2004.07.03"]
[SourceDate "2004.07.04"]

1. e4 c5 2. d4 cxd4 3. c3 Nf6 4. e5 Nd5 5. Qxd4 Nb6 6. Nf3 Nc6 7. Qe4 g6 8. Bf4
Bg7 9. Nbd2 d6 10. exd6 O-O 11. Qc2 Bf5 12. Bd3 Nd5 13. Bg3 Ndb4 14. cxb4 Nxb4
15. Bxf5 Nxc2+ 16. Bxc2 exd6 17. O-O Rc8 18. Bb3 d5 19. Be5 Qa5 20. Bxg7 Kxg7
21. Rfd1 Rfd8 22. Nd4 Rc7 23. Nf1 Qc5 24. Rd2 Re7 25. Rad1 Red7 26. Ne3 a6 27.
h3 Kg8 28. Ng4 Kg7 29. Ne3 h5 30. Nec2 Qe7 31. Nf3 Qf6 32. Rd4 a5 33. Ne3 b5
34. a3 a4 1/2-1/2

[Event "Chip2004 - Open FIDE"]
[Site "Paris"]
[Date "2004.07.09"]
[Round "7"]
[White "Khairallah, Faisal"]
[Black "Rey, Fabrice"]
[Result "1-0"]
[WhiteElo "2283"]
[BlackElo "2202"]
[PlyCount "113"]
[EventDate "2004.07.03"]
[SourceDate "2004.07.04"]

1. c4 e5 2. Nc3 Bb4 3. g3 Bxc3 4. bxc3 d6 5. Bg2 Nf6 6. Nf3 O-O 7. O-O Nc6 8.
d3 Rb8 9. Bg5 h6 10. Bxf6 Qxf6 11. Nd2 Ne7 12. Rb1 b6 13. Qa4 a6 14. Rb2 Qe6
15. Rfb1 f5 16. Nb3 f4 17. Nd2 Kh8 18. c5 fxg3 19. fxg3 dxc5 20. Ne4 b5 21. Qa3
b4 22. cxb4 c4 23. dxc4 Qxc4 24. Qc3 Qxc3 25. Nxc3 Bf5 26. Be4 Rf6 27. a3 Rd8
28. Rc1 Bh3 29. Bf3 g5 30. Ne4 Rf7 31. Nf2 Be6 32. Rxc7 Rdf8 33. Nd3 e4 34. Ne5
exf3 35. Nxf7+ Rxf7 36. exf3 Kg7 37. Rd2 g4 38. fxg4 Bxg4 39. Rf2 Rxf2 40. Kxf2
Kf6 41. Rc5 Bd7 42. Rc7 Ke6 43. Rc5 Nd5 44. Kf3 Kd6 45. Ke4 Nf6+ 46. Kd4 Be8
47. Ra5 Bb5 48. a4 Be2 49. Re5 Bd1 50. b5 Ng4 51. Rh5 a5 52. h3 Nf6 53. Rxh6
Ke7 54. b6 Nd7 55. b7 Kd8 56. Rd6 Kc7 57. Rxd7+ 1-0

[Event "Chip2004 - Open FIDE"]
[Site "Paris"]
[Date "2004.07.09"]
[Round "7"]
[White "Vuckovic, Bojan"]
[Black "Baklan, Vladimir"]
[Result "1/2-1/2"]
[WhiteElo "2533"]
[BlackElo "2595"]
[PlyCount "43"]
[EventDate "2004.07.03"]
[SourceDate "2004.07.04"]

1. e4 e6 2. d4 d5 3. Nd2 c5 4. exd5 exd5 5. Ngf3 Nf6 6. Bb5+ Bd7 7. Qe2+ Be7 8.
dxc5 O-O 9. Nb3 Re8 10. Be3 a6 11. Bd3 Ba4 12. Nfd4 Nbd7 13. O-O-O Nxc5 14. Nf5
Nxd3+ 15. Qxd3 Bf8 16. Bg5 h6 17. Bh4 g5 18. Bg3 Bb5 19. Qd2 Re2 20. Qd4 Re4
21. Qd2 Re2 22. Qd4 1/2-1/2

[Event "Chip2004 - Open A"]
[Site "Paris"]
[Date "2004.07.09"]
[Round "7"]
[White "Lacrosse, Marc"]
[Black "Quach, Charlie"]
[Result "1/2-1/2"]
[WhiteElo "2257"]
[BlackElo "2165"]
[PlyCount "106"]
[EventDate "2004.07.03"]
[SourceDate "2004.07.04"]

1. d4 Nf6 2. c4 e6 3. Nf3 c5 4. d5 exd5 5. cxd5 d6 6. Nc3 g6 7. e4 Bg7 8. Bd3
O-O 9. h3 b5 10. Nxb5 Nxe4 11. O-O a6 12. Qa4 Bd7 13. Qa3 Bxb5 14. Bxb5 Qb6 15.
Bd3 Nf6 16. Nd2 Nbd7 17. Nc4 Qc7 18. Bf4 Ne5 19. Nxe5 dxe5 20. Be3 e4 21. Bc4
Rfc8 22. Rac1 Nd7 23. Rfd1 Qd6 24. b3 Be5 25. Rc2 f5 26. Qc1 f4 27. Bd2 Rf8 28.
Re1 e3 29. Bc3 Bxc3 30. Rxc3 exf2+ 31. Kxf2 Ne5 32. Be2 Rac8 33. Qd1 Qf6 34.
Qd2 Qd6 35. Bf3 c4 36. bxc4 Nxc4 37. Qd4 Ne3 38. Rxc8 Rxc8 39. Re2 Rc1 40. Rd2
Nf5 41. Qa7 Rc7 42. Qa8+ Kg7 43. Kg1 Qb6+ 44. Kh2 Rc1 45. Rd1 Rxd1 46. Bxd1 Ng3
47. Qe8 Nf1+ 48. Kh1 Qe3 49. Qd7+ Kh6 50. Qf7 Ng3+ 51. Kh2 Nf1+ 52. Kh1 Ng3+
53. Kh2 Nf1+ 1/2-1/2

[Event "Chip2004 - Open A"]
[Site "Paris"]
[Date "2004.07.09"]
[Round "7"]
[White "Voicu, Carmen"]
[Black "Battaglini, Gabriel"]
[Result "0-1"]
[WhiteElo "2289"]
[BlackElo "2288"]
[PlyCount "70"]
[EventDate "2004.07.03"]
[SourceDate "2004.07.04"]

1. e4 c5 2. Nf3 d6 3. d4 cxd4 4. Nxd4 Nf6 5. Nc3 a6 6. f3 e5 7. Nb3 Be7 8. Be3
Be6 9. Qd2 O-O 10. O-O-O Qc7 11. Kb1 Rc8 12. Qf2 Nbd7 13. g4 Qd8 14. Nd5 Bxd5
15. exd5 b5 16. h4 Rab8 17. g5 Nh5 18. Bh3 a5 19. Bg4 a4 20. Nd2 Nf4 21. Ne4 b4
22. Bxf4 exf4 23. Bxd7 Qxd7 24. h5 b3 25. cxb3 axb3 26. h6 Qa4 27. a3 Rc2 28.
Rd2 Rbc8 29. hxg7 Qc4 30. Nc3 Rxd2 31. Qxd2 Bxg5 32. Ne4 Be7 33. Qxf4 Qc2+ 34.
Ka1 Ra8 35. Qh2 Rxa3+ 0-1

[Event "Chip2004 - Open A"]
[Site "Paris"]
[Date "2004.07.09"]
[Round "7"]
[White "Patterson, R."]
[Black "Pozdniakov, E."]
[Result "1-0"]
[WhiteElo "2187"]
[BlackElo "2267"]
[PlyCount "57"]
[EventDate "2004.07.03"]
[SourceDate "2004.07.04"]

1. e4 e6 2. d4 d5 3. Nc3 Nf6 4. e5 Nfd7 5. f4 c5 6. Nf3 Nc6 7. Ne2 Qb6 8. c3 f6
9. a3 a5 10. b3 Be7 11. g3 O-O 12. Bg2 cxd4 13. cxd4 fxe5 14. fxe5 Ndxe5 15.
dxe5 Nxe5 16. Rf1 Nxf3+ 17. Rxf3 Rxf3 18. Bxf3 Bc5 19. Nf4 Bd7 20. Ra2 Bb5 21.
Be2 Bc6 22. Bg4 Bd4 23. Bxe6+ Kh8 24. Qh5 Bc3+ 25. Kf1 Qb5+ 26. Kg2 g5 27. Ng6+
Kg7 28. Bxg5 d4+ 29. Kh3 1-0

[Event "Chip2004 - Open FIDE"]
[Site "Paris"]
[Date "2004.07.10"]
[Round "8"]
[White "Borzakian, Manouk"]
[Black "De Pierrefeu, Thibault"]
[Result "1-0"]
[WhiteElo "2200"]
[BlackElo "2198"]
[PlyCount "103"]
[EventDate "2004.07.03"]
[SourceDate "2004.07.04"]

1. e4 e5 2. Nf3 Nc6 3. Bb5 a6 4. Ba4 Nf6 5. O-O Be7 6. Re1 b5 7. Bb3 O-O 8. h3
d6 9. c3 Na5 10. Bc2 c5 11. d4 Qc7 12. Nbd2 cxd4 13. cxd4 Rd8 14. Nf1 exd4 15.
Nxd4 d5 16. e5 Ne4 17. Bf4 Bc5 18. Ne3 Qb6 19. Nb3 Nxb3 20. Bxb3 Be6 21. Qh5
Nd2 22. Bc2 g6 23. Qe2 Nc4 24. Nd1 Rac8 25. Bd3 Re8 26. b3 Na5 27. Bg5 Nc6 28.
Bf6 Nb4 29. Ne3 Nxd3 30. Qxd3 d4 31. Ng4 h5 32. Qd2 Bf8 33. Nh2 Rc3 34. Nf3
Rxf3 35. gxf3 Bxh3 36. Rad1 Qc6 37. Qxd4 Qxf3 38. Qe4 Qxe4 39. Rxe4 Bf5 40. Re3
Bh6 41. Rc3 Bf4 42. Rc5 h4 43. Bxh4 Bxe5 44. Rd8 Rxd8 45. Bxd8 Bd4 46. Rc6 a5
47. Bxa5 g5 48. Bd2 g4 49. Bc3 Ba7 50. Ra6 Bc5 51. Rh6 Kf8 52. Rh5 1-0

[Event "Chip2004 - Open FIDE"]
[Site "Paris"]
[Date "2004.07.10"]
[Round "8"]
[White "Sohier, Julien"]
[Black "Chomet, Pascal"]
[Result "0-1"]
[WhiteElo "2174"]
[BlackElo "2370"]
[PlyCount "80"]
[EventDate "2004.07.03"]
[SourceDate "2004.07.04"]

1. e4 e5 2. Nf3 Nc6 3. Bb5 a6 4. Ba4 Nf6 5. O-O Be7 6. Re1 b5 7. Bb3 d6 8. c3
O-O 9. h3 Nd7 10. d4 Bf6 11. Be3 Na5 12. Bc2 Nc4 13. Bc1 Bb7 14. b3 Ncb6 15.
Nbd2 Re8 16. Bb2 a5 17. a4 bxa4 18. bxa4 Ba6 19. Rb1 c6 20. Nh2 g6 21. Ng4 Bg7
22. Ne3 d5 23. exd5 cxd5 24. Bb3 exd4 25. cxd4 Nf6 26. Rc1 Qd6 27. Rc5 Nbd7 28.
Rxa5 Be2 29. Rxd5 Nxd5 30. Qxe2 N7f6 31. Rc1 Nxe3 32. fxe3 Bh6 33. Nf1 Rab8 34.
Qc4 Qd7 35. Qd3 Qb7 36. d5 Nh5 37. Qb5 Qa7 38. Qd3 Bxe3+ 39. Kh1 Bxc1 40. Bxc1
Re1 0-1

[Event "Chip2004 - Open FIDE"]
[Site "Paris"]
[Date "????.??.??"]
[Round "1"]
[White "Rey, F."]
[Black "Ionescu, D."]
[Result "1/2-1/2"]
[WhiteElo "2202"]
[BlackElo "2399"]
[PlyCount "135"]
[EventDate "2004.07.03"]
[SourceDate "2004.07.04"]

1. e4 c5 2. c3 g6 3. d4 cxd4 4. cxd4 d5 5. e5 Nc6 6. h3 Nh6 7. Nf3 Bg7 8. Nc3
O-O 9. Qb3 Nf5 10. Be3 Nxe3 11. fxe3 e6 12. Be2 Bh6 13. Na4 Na5 14. Qa3 Bd7 15.
Nc5 Bc6 16. Rc1 Rc8 17. Kf2 Nc4 18. Bxc4 dxc4 19. Qb4 b6 20. Na6 Bd5 21. Rce1
f6 22. e4 Bb7 23. Nc5 bxc5 24. Qxb7 cxd4 25. Qxa7 fxe5 26. Rhf1 Qh4+ 27. Kg1
Qg3 28. Qd7 Rfe8 29. Nh2 Bf4 30. Ng4 Qh4 31. Rd1 Qe7 32. Qb5 d3 33. g3 Rc5 34.
Qa4 Rf8 35. gxf4 Qh4 36. Kg2 exf4 37. Rf3 h5 38. Nf2 Qf6 39. Qb4 Qd4 40. Nxd3
Qxe4 41. Nxc5 Qe2+ 42. Kg1 Qxd1+ 43. Rf1 Qd5 44. Qb6 Rf6 45. Qb8+ Kg7 46. Qb7+
Kh6 47. Qxd5 exd5 48. Rd1 Rd6 49. Rd4 g5 50. Na4 g4 51. Rxf4 d4 52. hxg4 Kg5
53. Rf2 hxg4 54. Rc2 d3 55. Rd2 Kf4 56. Nc3 Ke3 57. Rd1 d2 58. Nb1 Ke2 59. Nc3+
Ke3 60. Kg2 Rd8 61. Nb1 Ke2 62. Nc3+ Kd3 63. Nb1 Kc2 64. Rxd2+ Rxd2+ 65. Nxd2
Kxd2 66. a4 Kc2 67. a5 Kxb2 68. a6 1/2-1/2

[Event "Chip2004 - Open FIDE"]
[Site "Paris"]
[Date "????.??.??"]
[Round "1"]
[White "Koulitchenko, A."]
[Black "Calistri, T."]
[Result "0-1"]
[WhiteElo "2185"]
[BlackElo "2332"]
[PlyCount "84"]
[EventDate "2004.07.03"]
[SourceDate "2004.07.04"]

1. e4 c5 2. Nf3 Nc6 3. d4 cxd4 4. Nxd4 Nf6 5. Nc3 e5 6. Ndb5 d6 7. Bg5 a6 8.
Na3 b5 9. Nd5 Be7 10. Bxf6 Bxf6 11. c3 Bg5 12. Nc2 O-O 13. a4 bxa4 14. Rxa4 a5
15. Nce3 Rb8 16. Qc2 Be6 17. Bc4 Kh8 18. O-O g6 19. Kh1 Qd7 20. b3 f5 21. f4
exf4 22. Nxf4 Bxc4 23. Rxc4 Ne5 24. Rd4 Qb5 25. exf5 Ng4 26. Nc4 Rxf5 27. Qd1
Qxb3 28. Qxg4 Bxf4 29. Rdxf4 Qxc4 30. Qxf5 Qxf1+ 31. Rxf1 gxf5 32. Kg1 Rb5 33.
Rd1 d5 34. Kf2 a4 35. Ra1 Ra5 36. Ra3 Kg7 37. Ke3 Kf6 38. Kf4 Ke6 39. g3 Ra6
40. Kf3 Ke5 41. Ke3 Ra5 42. Kd3 Kf6 0-1

[Event "Chip2004 - Open FIDE"]
[Site "Paris"]
[Date "????.??.??"]
[Round "1"]
[White "Callet, E."]
[Black "Abergel, T."]
[Result "1/2-1/2"]
[WhiteElo "2203"]
[BlackElo "2442"]
[PlyCount "84"]
[EventDate "2004.07.03"]
[SourceDate "2004.07.04"]

1. e4 c5 2. Nf3 d6 3. d4 cxd4 4. Nxd4 Nf6 5. Nc3 Bd7 6. Be2 Nc6 7. Be3 e5 8.
Nb3 Be7 9. O-O a5 10. Nd5 Nxd5 11. exd5 Nb8 12. a4 O-O 13. f4 b6 14. Nd2 Bc8
15. Nc4 Nd7 16. fxe5 dxe5 17. d6 Bg5 18. Qd2 Bxe3+ 19. Qxe3 Ba6 20. Na3 Bxe2
21. Qxe2 Qh4 22. Nb5 Rac8 23. b3 Rc5 24. Rad1 f5 25. Rd3 e4 26. Rh3 Qf6 27. c4
Qe5 28. Qh5 Nf6 29. Qg5 g6 30. Qd2 Rd8 31. Qc3 Ng4 32. Rg3 Qxc3 33. Rxc3 Ne5
34. Rd1 Kf7 35. Rc2 g5 36. Rcd2 Rd7 37. Rd5 Kf6 38. Kf1 Nd3 39. Nc3 Ke6 40. g4
Rxd5 41. cxd5+ Kxd6 42. gxf5 Ke5 1/2-1/2

[Event "Chip2004 - Open FIDE"]
[Site "Paris"]
[Date "????.??.??"]
[Round "1"]
[White "Bellaiche, A."]
[Black "Dudognon, M."]
[Result "1-0"]
[WhiteElo "2495"]
[BlackElo "2235"]
[PlyCount "73"]
[EventDate "2004.07.03"]
[SourceDate "2004.07.04"]

1. e4 c5 2. Nf3 Nc6 3. d4 cxd4 4. Nxd4 Nf6 5. Nc3 d6 6. Bg5 e6 7. Qd2 a6 8.
O-O-O h6 9. Nxc6 bxc6 10. Bf4 d5 11. Qe3 Qa5 12. Be2 Bc5 13. Qg3 Kf8 14. Bd6+
Kg8 15. Be5 Be7 16. f4 Ra7 17. f5 Rb7 18. fxe6 Bxe6 19. Rhf1 Kf8 20. exd5 cxd5
21. Bf3 Rg8 22. Rd3 Bf5 23. Rxd5 Qb4 24. b3 Nxd5 25. Bxd5 g6 26. Bxb7 Qxb7 27.
Kb2 Qb4 28. Qe3 Bg5 29. Qa7 Qe7 30. Qd4 Qd7 31. Nd5 Be7 32. Qd2 h5 33. Qh6+ Ke8
34. Rd1 Bd8 35. Qe3 Qe6 36. Nf4 Qe7 37. Bf6 1-0

[Event "Chip2004 - Open FIDE"]
[Site "Paris"]
[Date "????.??.??"]
[Round "1"]
[White "De Pierrefeu, T."]
[Black "Bergez, L."]
[Result "0-1"]
[WhiteElo "2198"]
[BlackElo "2376"]
[PlyCount "73"]
[EventDate "2004.07.03"]
[SourceDate "2004.07.04"]

1. e4 c5 2. Nf3 d6 3. Bb5+ Bd7 4. Bxd7+ Qxd7 5. Nc3 Nc6 6. O-O Nf6 7. a3 e6 8.
Rb1 Be7 9. b4 O-O 10. d3 cxb4 11. axb4 Rfc8 12. b5 Ne5 13. Nxe5 dxe5 14. Na4
Qc7 15. c4 Rd8 16. Qe2 Nd7 17. Be3 Nc5 18. Nxc5 Bxc5 19. Rfd1 a5 20. bxa6 bxa6
21. Rb3 a5 22. Rdb1 Bb4 23. h4 Rd7 24. h5 h6 25. Rf1 Bf8 26. Bb6 Qc6 27. Be3 a4
28. Rb5 Qd6 29. Rd1 a3 30. c5 Qc7 31. Qa2 Qc8 32. Kf1 Rc7 33. Rc1 Qd8 34. Rc3
Qh4 35. Rxa3 Rac8 36. Ra8 Qxh5 37. Rxc8 0-1

[Event "Chip2004 - Open FIDE"]
[Site "Paris"]
[Date "????.??.??"]
[Round "1"]
[White "Sanchez, J."]
[Black "Renaudin, M."]
[Result "1/2-1/2"]
[WhiteElo "2458"]
[BlackElo "2205"]
[PlyCount "99"]
[EventDate "2004.07.03"]
[SourceDate "2004.07.04"]

1. e4 e6 2. d4 d5 3. Nc3 Bb4 4. e5 Ne7 5. Qg4 O-O 6. Bd3 f6 7. exf6 Rxf6 8. Bg5
Rf7 9. Qh5 g6 10. Qe2 c5 11. dxc5 d4 12. a3 Qa5 13. Rb1 Bxc5 14. b4 Bxb4 15.
axb4 Qxg5 16. Nb5 Nbc6 17. h4 Qf6 18. Nd6 Rf8 19. Ne4 Qg7 20. Nf3 Nd5 21. b5
Ncb4 22. O-O Nf4 23. Qd2 Nbxd3 24. cxd3 e5 25. Rfe1 Bg4 26. Neg5 Rae8 27. Nh2
Bf5 28. Ne4 Qe7 29. Nf3 Bg4 30. Neg5 Bxf3 31. Nxf3 Qf6 32. Ng5 Qf5 33. Ne4 Qg4
34. f3 Qe6 35. Ra1 Rc8 36. Rxa7 Qb3 37. Qa2 Qxa2 38. Rxa2 Nxd3 39. Rd1 Nc5 40.
Nd2 Kf7 41. Nc4 Kf6 42. f4 exf4 43. Rxd4 Ne6 44. Re4 Rc5 45. Rae2 Re8 46. Nd6
Re7 47. Nxb7 Rxb5 48. Nd8 Rb6 49. Nxe6 Rexe6 50. Rxf4+ 1/2-1/2

[Event "Chip2004 - Open FIDE"]
[Site "Paris"]
[Date "????.??.??"]
[Round "1"]
[White "Fayard, A."]
[Black "Apicella, M."]
[Result "0-1"]
[WhiteElo "2253"]
[BlackElo "2532"]
[PlyCount "66"]
[EventDate "2004.07.03"]
[SourceDate "2004.07.04"]

1. e4 c5 2. Nf3 Nc6 3. Nc3 g6 4. d4 cxd4 5. Nxd4 Bg7 6. Be3 Nf6 7. Nxc6 bxc6 8.
e5 Ng8 9. f4 Nh6 10. Bc4 O-O 11. O-O d6 12. exd6 exd6 13. Bd4 Nf5 14. Bf2 Qc7
15. Qd2 d5 16. Bb3 Ba6 17. Rfe1 d4 18. Ne4 c5 19. c3 Rad8 20. Qc1 d3 21. Qd2 c4
22. Nc5 Bb5 23. Ba4 Bxa4 24. Nxa4 h5 25. b3 h4 26. g4 hxg3 27. hxg3 Qc6 28. Nc5
Nxg3 29. Bxg3 Qxc5+ 30. Bf2 Qc8 31. Rac1 Qg4+ 32. Kh2 Rd5 33. Bg3 Qf3 0-1

[Event "Chip2004 - Open FIDE"]
[Site "Paris"]
[Date "????.??.??"]
[Round "1"]
[White "Chomet, P."]
[Black "Agababean, N."]
[Result "1-0"]
[WhiteElo "2370"]
[BlackElo "2189"]
[PlyCount "95"]
[EventDate "2004.07.03"]
[SourceDate "2004.07.04"]

1. e4 d6 2. d4 Nf6 3. Nc3 c6 4. g3 e5 5. Bg2 Be7 6. Nge2 Qc7 7. a4 b6 8. O-O
Nbd7 9. h3 a6 10. g4 O-O 11. Ng3 g6 12. Be3 Bb7 13. f4 b5 14. Qf3 exd4 15. Bxd4
b4 16. Nd1 c5 17. Bf2 Rab8 18. g5 Ne8 19. Qg4 Ng7 20. Ne3 Rfe8 21. h4 Ne6 22.
Rad1 Bf8 23. h5 d5 24. hxg6 hxg6 25. e5 d4 26. Nd5 Bxd5 27. Bxd5 Nb6 28. Bf3
Bg7 29. b3 Nf8 30. Kg2 Rbd8 31. Ne4 Ne6 32. Nf6+ Kf8 33. Rh1 Ke7 34. a5 Nc8 35.
Bd5 Rh8 36. Bg3 Rxh1 37. Rxh1 Qxa5 38. Rh7 Rxd5 39. Nxd5+ Kf8 40. f5 gxf5 41.
Qh5 Ne7 42. Rh8+ Ng8 43. Nf6 Bxf6 44. gxf6 Qa2 45. Qxf5 d3 46. Qxd3 Nd4 47. e6
fxe6 48. Rxg8+ 1-0

[Event "Chip2004 Open Fide"]
[Site "?"]
[Date "????.??.??"]
[Round "1"]
[White "Maisuradze, N."]
[Black "Shchekachev, A."]
[Result "1-0"]
[WhiteElo "2277"]
[BlackElo "2570"]
[PlyCount "91"]
[SourceDate "2004.07.04"]

1. d4 Nf6 2. c4 e6 3. Nf3 b6 4. a3 Bb7 5. Nc3 d5 6. cxd5 Nxd5 7. Qa4+ Nd7 8.
Ne5 Nxc3 9. bxc3 Bd6 10. Bf4 Bxe5 11. Bxe5 O-O 12. Bg3 Qc8 13. e3 c5 14. Qb3
Ba6 15. Bxa6 Qxa6 16. a4 Rfc8 17. Qb5 Qb7 18. O-O Rc6 19. h4 Rac8 20. Rfd1 Nf6
21. Be5 Nd5 22. Qd3 cxd4 23. cxd4 Nc3 24. Rd2 f6 25. Bg3 Ne4 26. Re2 Rc3 27.
Qb5 R3c4 28. Qh5 Qc6 29. a5 b5 30. Bf4 a6 31. f3 Nc3 32. Rd2 Nd5 33. Qg4 Rc1+
34. Rd1 Rxa1 35. Rxa1 b4 36. e4 f5 37. Qg3 Nc3 38. Re1 b3 39. Be5 Qb7 40. d5 b2
41. Bxc3 Rxc3 42. Qd6 Rc1 43. Qd8+ Kf7 44. dxe6+ Kxe6 45. exf5+ Kf7 46. Qe8+
1-0

[Event "Chip 2004 Open FIDE"]
[Site "?"]
[Date "????.??.??"]
[Round "1"]
[White "Shirazi, K."]
[Black "Borzakian, M."]
[Result "1/2-1/2"]
[WhiteElo "2394"]
[BlackElo "2200"]
[PlyCount "116"]
[SourceDate "2004.07.04"]

1. e4 g6 2. h4 h6 3. d4 c5 4. dxc5 Bg7 5. c3 Nc6 6. Be3 Nf6 7. Nd2 d6 8. f3 O-O
9. g4 d5 10. g5 hxg5 11. hxg5 Nh5 12. exd5 Qxd5 13. Ne4 Qxd1+ 14. Rxd1 Bf5 15.
Ne2 Ne5 16. Bg2 Nc4 17. Bc1 Rac8 18. Nd4 Bxe4 19. fxe4 Rxc5 20. Nf5 gxf5 21.
Rxh5 f4 22. Ke2 Ne3 23. Bxe3 fxe3 24. Rd5 Rxd5 25. exd5 Rd8 26. Kxe3 Rd6 27.
Kd3 e6 28. Kc4 b5+ 29. Kb4 exd5 30. g6 d4 31. gxf7+ Kxf7 32. Kc5 Rd8 33. c4
bxc4 34. Kxc4 Rc8+ 35. Kd3 Rb8 36. b3 Rc8 37. Ra5 Rc7 38. Bd5+ Ke7 39. Ra6 Rd7
40. Be6 Rc7 41. Bc4 Kd8 42. b4 Re7 43. Be6 Rc7 44. Ke4 Rb7 45. a3 Rb6 46. Rxb6
axb6 47. Bc4 Kc7 48. Kd5 Bf6 49. Bd3 Bg7 50. Kc4 Bf6 51. Kb5 Bg5 52. Kc4 Be3
53. a4 Bd2 54. Kb3 Bc3 55. Be4 Be1 56. Kc4 Bd2 57. Kxd4 Bxb4 58. a5 Bxa5
1/2-1/2

[Event "Chip2004 Open Fide"]
[Site "?"]
[Date "????.??.??"]
[Round "1"]
[White "Salaun, Y."]
[Black "Ferry, R."]
[Result "0-1"]
[WhiteElo "2336"]
[BlackElo "2185"]
[PlyCount "84"]
[SourceDate "2004.07.04"]

1. Nf3 d5 2. c4 c6 3. b3 Nf6 4. Bb2 Bf5 5. e3 e6 6. cxd5 exd5 7. Be2 h6 8. O-O
Nbd7 9. d3 Be7 10. Nbd2 O-O 11. a3 a5 12. Re1 Bh7 13. Bf1 Qc7 14. Qc2 Ng4 15.
Rad1 Bd6 16. g3 Rfe8 17. Bg2 Nge5 18. e4 dxe4 19. dxe4 Rad8 20. Nd4 Bc5 21. Nf1
Qb6 22. h3 Nf6 23. Nf5 Nd3 24. Rxd3 Rxd3 25. Qxd3 Bxf2+ 26. Kh2 Bxe1 27. N1e3
Bxf5 28. Nxf5 Qd8 29. Nd6 Re6 30. e5 Ne8 31. Qf1 Nxd6 32. Qxe1 f6 33. Bf1 fxe5
34. Qd2 Qf6 35. Bg2 Re8 36. Qxa5 Nf5 37. Qc7 Qe7 38. Qb6 e4 39. Qf2 Rf8 40. Qf4
e3 41. Be4 e2 42. Bc3 Nd6 0-1

[Event "Chip2004 Open Fide"]
[Site "?"]
[Date "????.??.??"]
[Round "1"]
[White "Golubev, M."]
[Black "Mahesh Chandran, P."]
[Result "0-1"]
[WhiteElo "2531"]
[BlackElo "2441"]
[PlyCount "92"]
[SourceDate "2004.07.04"]

1. e4 e5 2. Nf3 Nc6 3. Bb5 a6 4. Ba4 Nf6 5. O-O Be7 6. Re1 b5 7. Bb3 d6 8. c3
O-O 9. h3 Na5 10. Bc2 c5 11. d4 Qc7 12. Nbd2 cxd4 13. cxd4 Bb7 14. d5 Rac8 15.
Bd3 Nd7 16. Nf1 Nc5 17. Bb1 Na4 18. Ng3 g6 19. h4 Qxc1 20. Qxc1 Rxc1 21. Rxc1
Nxb2 22. Bc2 Rc8 23. Bb3 Nd3 24. Rxc8+ Bxc8 25. h5 Bd8 26. Ne1 Nc5 27. Bc2 Nc4
28. Nd3 Na3 29. Nb4 Kg7 30. Bb3 a5 31. Nc6 Bb6 32. Rf1 b4 33. Kh2 Ba6 34. Rh1
a4 35. Bd1 b3 36. axb3 axb3 37. Nb4 b2 38. Bc2 Nxc2 39. Nxc2 Na4 40. hxg6 hxg6
41. Na3 Nc3 42. Nb1 Nxb1 43. Rxb1 Bd4 44. Nf1 Bd3 45. Nd2 Bxb1 46. Nxb1 Bxf2
0-1